| 000 | 01705cam a2200361 a 4500 | ||
|---|---|---|---|
| 001 | 15481282 | ||
| 003 | ARRUPE | ||
| 005 | 20140403114753.0 | ||
| 008 | 081007s2009 ilu b 001 0 eng c | ||
| 010 | _a 2008043576 | ||
| 020 | _a9780226507125 (cloth : alk. paper) | ||
| 020 | _a9780226507132 (pbk. : alk. paper) | ||
| 020 | _a0226507122 (cloth : alk. paper) | ||
| 020 | _a0226507130 (pbk. : alk. paper) | ||
| 040 |
_aICU/DLC _cDLC _dDLC |
||
| 042 | _apcc | ||
| 050 | 0 | 0 |
_aBR1644.5.N6 _bM37 2009 |
| 082 | 0 | 0 |
_a276.69/082 _222 |
| 100 | 1 |
_aMarshall, Ruth, _d1964- _99765 |
|
| 245 | 1 | 0 |
_aPolitical spiritualities : _bthe Pentecostal revolution in Nigeria / _cRuth Marshall. |
| 260 |
_aChicago ; _aLondon : _bThe University of Chicago Press, _c2009. |
||
| 300 |
_ax, 349 p. ; _c24 cm. |
||
| 504 | _aIncludes bibliographical references (p. 311-337) and index. | ||
| 505 | 0 | _aRethinking the religious and the political in Africa -- Rupture, redemption, and the history of the present -- Revival and the postcolonial crisis of government -- God's subjects -- Born-again ethics and the spirits of the political economy -- The politics of conviction. | |
| 650 | 0 |
_aPentecostalism _zNigeria. _99766 |
|
| 650 | 0 |
_aPentecostalism _xPolitical aspects _zNigeria. _99767 |
|
| 650 | 0 |
_aChristianity and politics _zNigeria. _99768 |
|
| 651 | 0 |
_aNigeria _xReligious life and customs. _99769 |
|
| 651 | 0 |
_aNigeria _xChurch history. _99770 |
|
| 906 |
_a7 _bcbc _corignew _d1 _eecip _f20 _gy-gencatlg |
||
| 942 |
_2lcc _cMONOGRAPH |
||
| 999 |
_c120379 _d120379 |
||